书目信息 |
| 题名: |
气候学基础
|
|
| 作者: | 高国栋 编著 | |
| 分册: | ||
| 出版信息: | 南京 南京大学出版社 1990.06 |
|
| 页数: | 407页 | |
| 开本: | 26cm | |
| 丛书名: | ||
| 单 册: | ||
| 中图分类: | P46 | |
| 科图分类: | ||
| 主题词: | 气候学 | |
| 电子资源: | ||
| ISBN: | 7-305-00527-4 | |
| 000 | 00530nam0 2200193 45 | |
| 001 | 0405211546 | |
| 005 | 20040521151035.1 | |
| 010 | @a7-305-00527-4@dCNY5.50 | |
| 100 | @a20040521d1990 km y0chiy0120 ea | |
| 101 | 0 | @achi |
| 105 | @a z 000yy | |
| 200 | 1 | @a气候学基础@AQi Hou Xue Ji Chu@f高国栋等编著@FGao Guo Dong Deng Bian Zhu |
| 210 | @a南京@c南京大学出版社@d1990.06 | |
| 215 | @a407页@d26cm | |
| 606 | 0 | @a气候学 |
| 690 | @aP46@v3 | |
| 701 | 0 | @a高国栋@4编著 |
| 801 | @aCN@bPftUser@c20040521 | |
| 905 | @f1@b237513@dP46@e29 | |
| 气候学基础/高国栋等编著.-南京:南京大学出版社,1990.06 |
| 407页;26cm |
| ISBN 7-305-00527-4:CNY5.50 |
| ● |
| 相关链接 |
|
|
|
|
正题名:气候学基础
索取号:P46/29
 
预约/预借
| 序号 | 登录号 | 条形码 | 馆藏地/架位号 | 状态 | 备注 |
| 1 | 0237513 | 000627165 | 第三借阅区/ [索取号:P46/29] | 在馆 | |
| 2 | 0237514 | 001934125 | 第三借阅区/ [索取号:P46/29] | 在馆 | |
| 3 | 0237515 | 000627174 | 第二样本阅览室/ [索取号:P46/29] | 在馆 |